ბათუმის შოთა რუსთაველის სახელმწიფო უნივერსიტეტის ბიბლიოთეკა

აჭარის ლიტერატურული ახალგაზრდობა : (ბიბ.ჩანაწერი № 39528)

000 -ლიდერი
ფიქსირებული სიგრძის საკონტროლო ველი 01349nam a2200205Ia 4500
001 - საკონტროლო ნომერი
საკონტროლო ველი 6124
003 - საკონტროლო ნომრის იდენტიფიკატორი
საკონტროლო ველი GE_BSU
005 - ბოლო ოპერაციის თარიღი და დრო
საკონტროლო ველი 20190925173142.0
008 - ფიქსირებული სიგრძის მონაცემთა ელემენტები - ზოგადი ინფორმაცია
ფიქსირებული სიგრძის საკონტროლო ველი 181216s1956||||ge |||||||||||||| ||geo||
040 ## - კატალოგიზაციის წყარო
Transcribing agency GE_BSU
041 ## - ენის კოდი
Language code of text/sound track or separate title geo
080 ## - უნივერსალური ათობითი კლასიფიკაციის ინდექსი
Universal Decimal Classification number 821.353.1-82 ა-95
245 ## - ცნობა სათაურის შესახებ
Title აჭარის ლიტერატურული ახალგაზრდობა :
Remainder of title საქ. საბჭოთა მწერლების კავშირის აჭარის განყოფილებასთან გაერთიანებული ახალგაზრდა მწერლების ალმანახი /
Statement of responsibility, etc რედ. ც. წუწუნავა.
264 ## - წარმოების, გამოცემის, დისტრიბუციის და სხვა ცნობები
გამოცემის, წარმოების, დისტრიბუციის... ადგილი ბათუმი :
გამოცემის, წარმოების, დისტრიბუციის... სახელწოდება სახელმწიფო გამომცემლობა ;
გამოცემის, წარმოების, დისტრიბუციის... თარიღი 1956.
300 ## - ფიზიკური აღწერა
Extent 97 გვ. ;
Dimensions 20 სმ.
653 ## - INDEX TERM--UNCONTROLLED
Uncontrolled term აჭარის ლიტერატურული ახალგაზრდობა
653 ## - INDEX TERM--UNCONTROLLED
Uncontrolled term საქ. საბჭოთა მწერლების კავშირის აჭარის განყოფილებასთან გაერთიანებული ახალგაზრდა მწერლების ალმანახი
700 ## - ADDED ENTRY--PERSONAL NAME
Personal name წუწუნავა, ც.
Relator term რედაქტორი
9 (RLIN) 4326
942 ## - ADDED ENTRY ELEMENTS (KOHA)
Koha item type წიგნი
Source of classification or shelving scheme
ეგზემპლარები
ჩამოწერის სტატუსი დაკარგული ეგზემპლარის სტატუსი კლასიფიკაციის წყარო ან თაროზე გაწყობის სქემა დაზიანების სტატუსი არ გაიცემა მუდმივი მდებარეობა (დაცვის ადგილი) ამჟამინდელი ადგილსამყოფელი თაროზე განთავსების ადგილი შეძენის თარიღი ღირებულება, შესყიდვის ნორმალური ფასი სრული შენახვის შიფრი შტრიხკოდი ბოლო ოპერაციის თარიღი ეგზემპლარის მიმდევრობითი ნომერი (კეტერი?) ფასის ძალაში შესვლის თარიღი ეგზემპლარის სახეობა საჯარო შენიშვნა
          ბათუმის შოთა რუსთაველის სახელმწიფო უნივერსიტეტის მთავარი ბიბლიოთეკა ბათუმის შოთა რუსთაველის სახელმწიფო უნივერსიტეტის მთავარი ბიბლიოთეკა წიგნსაცავი 2018-12-17 4.40 821.353.1-82 ა-95 13883 2018-12-17 13883 2018-12-17 წიგნი 4.40 ლ.